[Event "North American-ch U08"]
[Site "Montreal"]
[Date "2010.08.17"]
[Round "3"]
[White "Lai, William"]
[Black "Miyaska, Marcus"]
[Result "1/2-1/2"]
[WhiteElo "1084"]
[BlackElo "1527"]
[PlyCount "88"]
[EventDate "2010.08.16"]
[EventType "swiss"]
[EventRounds "7"]
[EventCountry "CAN"]
[SourceTitle "EXT 2013"]
[Source "ChessBase"]
[SourceDate "2012.11.22"]
[SourceVersion "1"]
[SourceVersionDate "2012.11.22"]
[SourceQuality "1"]

1. e4 e5 2. Nf3 Nc6 3. d4 exd4 4. Bc4 Nf6 5. 0-0 Be7 6. e5 Ne4 7. Re1 d5 8. exd6 Nxd6 9. Bb3 0-0 10. Nxd4 Nxd4 11. Qxd4 Bf6 12. Qd1 Bf5 13. Nd2 Qd7 14. c3 Rfe8 15. Nf3 Rxe1+ 16. Qxe1 Re8 17. Qd1 Bg4 18. Be3 Qe7 19. h3 Bh5 20. Qe2 Bg5 21. Re1 Nf5 22. g4 Nxe3 23. gxh5 Bf4 24. fxe3 Bxe3+ 25. Kf1 Qf6 26. Qg2 Qa6+ 27. Qe2 Qf6 28. Bd1 Qf5 29. Kg2 Qxh5 30. Qf2 Qg6+ 31. Kh2 Bf4+ 32. Kh1 Rd8 33. Qe2 Qc6 34. Bb3 Qd7 35. Qg2 h6 36. Rg1 Bg5 37. h4 Bf6 38. Qg6 Kf8 39. Qg4 Qc6 40. Kh2 Qd6+ 41. Qg3 Qc5 42. Rf1 Rd2+ 43. Nxd2 Be5 44. Rxf7+ Ke8 1/2-1/2

[Event "North American-ch U08"]
[Site "Montreal"]
[Date "2010.08.17"]
[Round "4"]
[White "Miyaska, Marcus"]
[Black "Yip, Mattew"]
[Result "1-0"]
[WhiteElo "1527"]
[BlackElo "1191"]
[PlyCount "45"]
[EventDate "2010.08.16"]
[EventType "swiss"]
[EventRounds "7"]
[EventCountry "CAN"]
[SourceTitle "EXT 2013"]
[Source "ChessBase"]
[SourceDate "2012.11.22"]
[SourceVersion "1"]
[SourceVersionDate "2012.11.22"]
[SourceQuality "1"]

1. e4 d5 2. exd5 Nf6 3. Nf3 Nxd5 4. Bc4 Nb6 5. Bb3 Nc6 6. 0-0 Bg4 7. Bxf7+ Kxf7 8. Ng5+ Ke8 9. Qxg4 Nd4 10. Qe4 Qd5 11. Qd3 c5 12. f4 c4 13. Qh3 Nxc2 14. Nc3 Qd4+ 15. Kh1 Nxa1 16. Nb5 Qd7 17. Ne6 Kf7 18. Qf5+ Kg8 19. Nbd4 Qa4 20. Qb1 Nb3 21. axb3 cxb3 22. Qf5 Qa1 23. Ng5 1-0